000
00288nam a22001217a 4500
020
_q
HB.
040
_c
FIZZA ISHAQ
082
_a
551.48095
_b
VSU
100
_a
SUBRAMANIAN,V.
_9
89114
245
_a
FURFACE AND SUB SURFACE WATER IN ASIA /
260
_a
YEW YORK ;
_c
2015.
942
_2
ddc
_c
BK
999
_c
587946
_d
587946